Normal view
MARC view
- Muneeb, Nimra
Entry Personal Name
001 - CONTROL NUMBER
- control field: 120285
003 - CONTROL NUMBER IDENTIFIER
- control field: NUST
005 - DATE AND TIME OF LATEST TRANSACTION
- control field: 20240212095401.0
008 - FIXED-LENGTH DATA ELEMENTS
- fixed length control field: 240212|| aca||aabn | a|a d
040 ## - CATALOGING SOURCE
- Original cataloging agency: NUST
- Transcribing agency: NUST
100 ## - HEADING--PERSONAL NAME
- Personal name: Muneeb, Nimra
670 ## - SOURCE DATA FOUND
- Source citation: Work cat.: (NUST): Muneeb, Nimra, RECOGNITION, DEVELOPMENT AND USE OF RESOURCE CO-SPECIALIZATION FOR CONTINUOUS SOCIAL IMPROVEMENT: A CASE OF SOCIAL ENTREPRENEURS IN PAKISTAN/
